000
00284nam a22001217a 4500
008
171016b xxu||||| |||| 00| 0 eng d
041
_a
eng
080
_a
331.101.262
100
_a
52
101
_a
BNJ
245
_a
STRATEGIC HUMAN RESOURCE MANAGEMENT
_c
FOMBRUM, CH
942
_2
udc
_c
BK
999
_c
34264
_d
34264